Cầu thép

Gespeichert in:
Bibliographische Detailangaben
1. Verfasser: Lê, Đình Tâm
Format: Buch
Sprache:Undetermined
Veröffentlicht: Hà Nội Giao thông vận tải 2004
Schlagworte:
Tags: Tag hinzufügen
Keine Tags, Fügen Sie den ersten Tag hinzu!
Thư viện lưu trữ: Trung tâm Học liệu Trường Đại học Cần Thơ
LEADER 00534nam a2200193Ia 4500
001 CTU_96563
008 210402s9999 xx 000 0 und d
020 |c 50000 
082 |a 624.3 
082 |b T120 
100 |a Lê, Đình Tâm 
245 0 |a Cầu thép 
245 0 |c Lê Đình Tâm 
260 |a Hà Nội 
260 |b Giao thông vận tải 
260 |c 2004 
650 |a Bridges,Civil engineering,Concrete construction 
904 |i Tuyến 
980 |a Trung tâm Học liệu Trường Đại học Cần Thơ